00710 2200193 4500245008600000020002200086250001100108100001900119700002200138650001800160650001700178005001900195260004200214041001400256084000800270300002100278500020800299336000900507 aBuah Sehat Kaya Manfaat b : 25 Resep Kreatif Olahan KurmacLilly T. ErwinhText a978-979-22-9538-2 aCet. 1 aLilly T. Erwin aIntarina Hardiman aResep Makanan aOlahan Kurma a20240229114902 aJakartabGramedia Pustaka Utamac2013 aIndonesia a641 a56 hlm. :cilus. aDalam buku ini penulis membuat 25 aplikasi dari lima jenis kurma Arab Saudi, Tunisia, Aljazair, dan California dimana kurma dapat disajikan sebagai hidangan pembuka, hidangan utama, dan hidangan penutup. atext